000 00564nam a2200193 i 4500
001 62117
003 ES-MaACL
005 20230906164618.0
007 t|
008 031118s1971 sp ||||1| spa d
100 1 _aFaus Dotras, Guillermo.
_948974
245 1 0 _aLanzamiento de la jabalina /
_cpor Guillermo Faus Dotras.
260 _aBarcelona :
_bSintes,
_c[1971]
300 _a124 p. :
_bil. ;
_c17 cm.
490 1 _aBiblioteca de atletismo
830 0 _aBiblioteca de atletismo
_9182830
852 _aES-MaACL
_jC-40870
_bR.78585
999 _c62117
_d62117